000 01233 a2200253 4500
003 NALT
005 20221222145254.0
008 220711b th ||||| |||| 00| 0 tha d
020 _a9789740217398
040 _aNALT
050 _aJQ 1745.A1
_bฐ119ป 2564
100 0 _aฐนพงศ์ ลือขจรชัย
_945999
245 1 0 _aปลดแอกชาติ จากศักดินา-(ราชา)ชาตินิยม /
_cฐนพงศ์ ลือขจรชัย.
250 _aพิมพ์ครั้งแรก.
260 _aกรุงเทพฯ :
_bมติชน,
_c2564.
300 _a282 หน้า :
_bภาพประกอบ ;
_c22 ซม.
650 4 _96865
_aประชาธิปไตย
_zไทย
650 4 _940252
_aการพัฒนาประชาธิปไตย
_zไทย
651 0 _aไทย
_xการเมืองและการปกครอง
_xประวัติศาสตร์
_945315
653 4 _aราชประชาสมาสัย
850 _aNALT
942 _2lcc
_cGB
998 _c103
_j1020
_k นางจำเรียง ระวังสำโรง
999 _c100281
_d100281